00660cam a2200193 4500008004100000020001500041035001200056050002300068100003300091245005500124250001100179260004200190300002900232440004400261504003900305504003500344650003600379650005100415090521s2004 sp 000 0 spa u a8497723848 aa48147704aKKT3800 bP35 20041 aPalma Herrera, José Manuel14aLos actos copenados /cJosé Manuel Palma Herrera a1a ed. aMadrid, España : bDykinson, c2004 a278 páginas ; c21 cm. 0aMonografías de Derecho Penal ; vNo.3 aBibliografía : páginas 267-273 aIncluye índice de cuestiones 7aDerecho penal zEspaña 2Lemb 7aAdministración de justicia zEspaña 2Lemb